Statistics for New Orleans Saints: Pro Bowl Selections

Click here to take the quiz!

General Stats

  • This quiz has been taken 75 times
    (37 since last reset)
  • The average score is 15 of 66

Answer Stats

Position Amount of Selections Player % Correct
QB12Drew Brees
100%
QB2Archie Manning
89%
WR3Michael Thomas
89%
RB2Alvin Kamara
81%
TE3Jimmy Graham
81%
RB2Mark Ingram
78%
DE4Cameron Jordan
74%
K6Morten Andersen
56%
CB2Marshon Lattimore
56%
T2Terron Armstead
52%
LB4Vaughan Johnson
52%
P1Thomas Morstead
52%
DE2Joe Johnson
52%
DE1Will Smith
48%
WR4Joe Horn
48%
K1Wil Lutz
48%
LB6Rickey Jackson
44%
RB2Deuce McAllister
41%
C1Max Unger
41%
G1Larry Warford
30%
T2Jammal Brown
26%
T6Jahri Evans
22%
LB4Sam Mills
15%
DE1Wayne Martin
15%
LB4Pat Swilling
15%
WR1Eric Martin
15%
WR1Deonte Harris
15%
CB1Darren Sharper
15%
CB2Roman Harper
15%
RB1Dalton Hilliard
11%
T7Willie Roaf
11%
LB2Jonathan Vilma
11%
T1Jon Stinchcomb
7%
T2Jermon Bushrod
7%
DT1La'Roi Glover
7%
WR1Michael Lewis
7%
K1Tom Dempsey
7%
G1Ben Grubbs
4%
CB1Sammy Knight
4%
CB1Eric Allen
4%
C1Joel Hilgenberg
4%
T2Carl Nicks
4%
RB1Fred McAfee
4%
G2LeCharles Bentley
4%
WR1Wes Chandler
4%
RB2George Rodgers
4%
RB2Rueben Mayes
4%
TE1Henry Childs
0%
TE1Hoby Brenner
0%
RB1Tony Baker
0%
RB1Andy Livingston
0%
CB1Bennie Thompson
0%
CB1Tyrone Hughes
0%
RB1Chuck Muncie
0%
CB1Tom Myers
0%
P1Mitch Berger
0%
P1Brian Hansen
0%
LB1Keith Mitchell
0%
LB1Mark Fields
0%
G1Jake Kupp
0%
G1Brad Edelman
0%
G1Jonathan Goodwin
0%
DE1Renaldo Turnbull
0%
CB1Dave Whitsell
0%
DE1Bruce Clark
0%
CB1Dave Waymer
0%

Score Distribution

Percentile by Number Answered

Percent of People with Each Score

Your Score History

You have not taken this quiz since the last reset